Bezstratové kódovanie monochromatických obrazov pomocou preusporiadania : Diplomová práca

Na minha lista:
Detalhes bibliográficos
Autor principal: Hudák, Martin (Author)
Outros Autores: Polec, Jaroslav, 1964- (Thesis advisor)
Formato: Manuscrito Livro
Idioma:eslovaco
Publicado em: Bratislava : STU v Bratislave FEI, 2000
Assuntos:
Tags: Adicionar Tag
Sem tags, seja o primeiro a adicionar uma tag!

MARC

LEADER 00000ntm a22000003a 4500
001 stu54876
005 20160719164847.4
008 000824s2000----xo------------------slo-d
040 |a STU  |b slo 
041 0 |a slo 
044 |a xo 
100 1 |a Hudák, Martin  |4 aut 
245 1 |a Bezstratové kódovanie monochromatických obrazov pomocou preusporiadania :  |b Diplomová práca 
260 |a Bratislava :  |b STU v Bratislave FEI,  |c 2000 
300 |a 55 s 
650 7 |a informatika  |2 stusub 
700 1 |a Polec, Jaroslav,  |d 1964-  |4 ths  |u E070  |U FEI Fakulta elektrotechniky a informatiky  |T FEI Ústav telekomunikácií  |X 2004  |U E070  |Y 818  |7 A000002004